Nixon: a political portrait
Gorde:
| Egile Nagusiak: | , |
|---|---|
| Formatua: | Liburua |
| Hizkuntza: | ingelesa |
| Argitaratua: |
Nueva York
Pyramid Books
1969
|
| Gaiak: | |
| Etiketak: |
Etiketa erantsi
Etiketarik gabe, Izan zaitez lehena erregistro honi etiketa jartzen!
|
MARC
| LEADER | 00000nam a2200000 a 4500 | ||
|---|---|---|---|
| 001 | UCS2644 | ||
| 003 | CL-VaPUC | ||
| 005 | 20220826134408.0 | ||
| 008 | 970604e19690000US |||||||||||||||||eng|d | ||
| 999 | |c 260586 |d 260584 | ||
| 040 | |c Pontificia Universidad Católica de Valparaíso | ||
| 082 | 0 | 4 | |a 923.2 |b MAZ |2 21 |
| 100 | |a Mazo, Earl |e autor |9 388309 | ||
| 245 | 1 | 0 | |a Nixon: a political portrait |
| 260 | |a Nueva York |b Pyramid Books |c 1969 | ||
| 300 | |a 126 p | ||
| 583 | |a last modification |c 19970604 00:00:00 |k Rodrigo Vera | ||
| 600 | 0 | |a Nixon, Richard |q (Richard Milhous), |d 1913-1994 |9 876009 | |
| 650 | 0 | |a Políticos |9 256302 | |
| 650 | 0 | |a Biografías |9 255210 | |
| 650 | 7 | |a PRESIDENCIA |2 CL-VaPUC |9 341215 | |
| 650 | 0 | |a Democracia |9 255256 | |
| 650 | 0 | |a Relaciones Internacionales |9 255740 | |
| 650 | 0 | |a Guerra |9 255876 | |
| 650 | 0 | |a Comunismo |9 255588 | |
| 651 | 0 | |a Estados Unidos |9 255178 | |
| 700 | 0 | |a Hess, Stephen |e author |9 388310 | |
| 942 | |c BK |2 ddc | ||
| 945 | |d 19970604 00:00:00 |a paguirre | ||
| 952 | |0 0 |1 0 |4 0 |6 923_200000000000000_MAZ_1969 |7 0 |8 P |9 286812 |a BIBDER |b BIBDER |d 2019-11-19 |i 1860763 |o 923.2 MAZ 1969 |p 1860763 |r 2023-01-25 |w 2019-11-19 |y BK |k DER | ||